|
|
|
|
| LEADER |
03352nam a2200781 a 4500 |
| 001 |
nkc20081836553 |
| 003 |
CZ PrNK |
| 005 |
20161126235011.0 |
| 007 |
ta |
| 008 |
090205s2008 xr ab f 000 0 cze |
| 015 |
|
|
|a cnb001836553
|
| 020 |
|
|
|a 978-80-903444-6-4
|q (váz.) :
|c neprodejné
|
| 035 |
|
|
|a (OCoLC)316680007
|
| 040 |
|
|
|a ABA001
|b cze
|d BOA001
|
| 041 |
1 |
|
|a cze
|a eng
|h cze
|
| 043 |
|
|
|a e-xr---
|b e-xr-mr
|2 czenas
|
| 072 |
|
7 |
|a 574
|x Obecná ekologie
|2 Konspekt
|9 2
|
| 080 |
|
|
|a 574.4(254)
|2 MRF
|
| 080 |
|
|
|a 581.526.45
|2 MRF
|
| 080 |
|
|
|a 591.553(254)
|2 MRF
|
| 080 |
|
|
|a 581.9
|2 MRF
|
| 080 |
|
|
|a 591.9
|2 MRF
|
| 080 |
|
|
|a 581.524/.526
|2 MRF
|
| 080 |
|
|
|a 633.2
|2 MRF
|
| 080 |
|
|
|a 633.2.03
|2 MRF
|
| 080 |
|
|
|a (234.372.3)
|2 MRF
|
| 080 |
|
|
|a (437.32-11)
|2 MRF
|
| 080 |
|
|
|a (048.8)
|2 MRF
|
| 245 |
0 |
0 |
|a Louky Bílých Karpat =
|b Grasslands of the White Carpathian Mountains /
|c Ivana Jongepierová (ed.) ; [autoři textů Magda Bábková-Hrochová ... et al.]
|
| 246 |
3 |
1 |
|a Grasslands of the White Carpathian Mountains
|
| 260 |
|
|
|a Veselí nad Moravou :
|b ZO ČSOP Bílé Karpaty,
|c 2008
|
| 300 |
|
|
|a 461 s. :
|b il. (převážně barev.), mapy ;
|c 31 cm
|
| 500 |
|
|
|a Terminologický slovník
|
| 500 |
|
|
|a 2000 výt.
|
| 504 |
|
|
|a Obsahuje bibliografie
|
| 546 |
|
|
|a Souběžný anglický text
|
| 650 |
0 |
7 |
|a luční ekosystémy
|7 ph122471
|z Česko
|2 czenas
|
| 650 |
0 |
7 |
|a luční rostlinná společenstva
|7 ph115187
|z Česko
|2 czenas
|
| 650 |
0 |
7 |
|a luční živočišná společenstva
|7 ph122473
|z Česko
|2 czenas
|
| 650 |
0 |
7 |
|a flóra
|7 ph114559
|z Česko
|2 czenas
|
| 650 |
0 |
7 |
|a fauna
|7 ph114529
|z Česko
|2 czenas
|
| 650 |
0 |
7 |
|a vegetace
|7 ph116558
|z Česko
|2 czenas
|
| 650 |
0 |
7 |
|a travní porosty
|7 ph126724
|z Česko
|2 czenas
|
| 650 |
0 |
7 |
|a louky
|7 ph117726
|z Česko
|2 czenas
|
| 650 |
0 |
9 |
|a grassland ecosystems
|z Czechia
|2 eczenas
|
| 650 |
0 |
9 |
|a grassland plant communities
|z Czechia
|2 eczenas
|
| 650 |
0 |
9 |
|a meadow animal communities
|z Czechia
|2 eczenas
|
| 650 |
0 |
9 |
|a flora
|z Czechia
|2 eczenas
|
| 650 |
0 |
9 |
|a fauna
|z Czechia
|2 eczenas
|
| 650 |
0 |
9 |
|a vegetation
|z Czechia
|2 eczenas
|
| 650 |
0 |
9 |
|a grasslands
|z Czechia
|2 eczenas
|
| 650 |
0 |
9 |
|a meadows
|z Czechia
|2 eczenas
|
| 651 |
|
7 |
|a Bílé Karpaty (Česko a Slovensko : pohoří)
|7 ge129114
|x přírodní poměry
|2 czenas
|
| 651 |
|
7 |
|a Chráněná krajinná oblast Bílé Karpaty (Česko)
|7 ge128444
|x přírodní poměry
|2 czenas
|
| 651 |
|
9 |
|a Bílé Karpaty Mountains (Czechia and Slovakia)
|x natural conditions
|2 eczenas
|
| 651 |
|
9 |
|a Chráněná krajinná oblast Bílé Karpaty (Czechia)
|x natural conditions
|2 eczenas
|
| 655 |
|
7 |
|a monografie
|7 fd132842
|2 czenas
|
| 655 |
|
9 |
|a monographs
|2 eczenas
|
| 700 |
1 |
|
|a Jongepierová, Ivana,
|d 1962-
|7 ola2005262938
|4 edt
|
| 700 |
1 |
|
|a Bábková Hrochová, Magda,
|d 1977-
|7 ola2006357453
|4 aut
|
| 856 |
4 |
1 |
|u http://www.digitalniknihovna.cz/mzk/uuid/uuid:11786420-a7e9-11e6-b707-005056827e51
|y Digitalizovaný dokument
|x NDK
|
| 910 |
2 |
|
|a BOA001
|b 4-1216.699
|
| 928 |
9 |
|
|a Český svaz ochránců přírody Bílé Karpaty, Základní organizace ve Veselí nad Moravou
|
| 990 |
|
|
|a BK
|
| 995 |
|
|
|a 01
|
| 991 |
|
|
|b 200902
|c NOV
|
| 996 |
6 |
|
|b 2610366808
|c 4-1216.699
|l MZK
|r Sklad / do 1 hodiny
|n 9
|p p.v.
|w 000927623
|u 000010
|a 1
|e BOA001
|j MZK50
|s P
|
| 996 |
7 |
|
|b 2610366809
|c 4-1216.699
|l MZK
|r Sklad / do 1 hodiny
|n 29
|p p.v.
|w 000927623
|u 000020
|a 1
|e BOA001
|j MZK50
|s A
|